|
|
|
|
| LEADER |
01641nam a2200493 a 4500 |
| 001 |
nkc20071761852 |
| 003 |
CZ PrNK |
| 005 |
20130314143442.0 |
| 007 |
ta |
| 008 |
071213s2007 xr e 000 1 cze |
| 015 |
|
|
|a cnb001761852
|
| 020 |
|
|
|a 978-80-87048-03-0
|q (váz.)
|
| 035 |
|
|
|a (OCoLC)228499501
|
| 040 |
|
|
|a ABA001
|b cze
|
| 041 |
1 |
|
|a cze
|h eng
|
| 045 |
|
|
|a x3x4
|
| 072 |
|
7 |
|a 82-1/-8
|x Literatura různých forem a žánrů (o ní)
|2 Konspekt
|9 11
|
| 080 |
|
|
|a 821.111(73)-1-051
|2 MRF
|
| 080 |
|
|
|a 316.64
|2 MRF
|
| 080 |
|
|
|a 82-1
|2 MRF
|
| 080 |
|
|
|a (0:82-84)
|2 MRF
|
| 100 |
1 |
|
|a Stevens, Wallace,
|d 1879-1955
|7 jn19990008247
|4 aut
|
| 245 |
1 |
0 |
|a Adagia /
|c Wallace Stevens ; [z oddílu Adagia anglického originálu ... vybral a přeložil Štěpán Nosek]
|
| 250 |
|
|
|a Vyd. 1.
|
| 260 |
|
|
|a Zblov :
|b Opus,
|c 2007
|
| 300 |
|
|
|a 15 s. ;
|c 20 cm
|
| 490 |
1 |
|
|a EAP ;
|v sv. 2
|
| 600 |
1 |
7 |
|a Stevens, Wallace,
|d 1879-1955
|7 jn19990008247
|2 czenas
|
| 648 |
|
7 |
|a 19.-20. století
|7 ch757015
|2 czenas
|
| 650 |
0 |
7 |
|a američtí básníci
|7 ph203881
|y 19.-20. stol.
|2 czenas
|
| 650 |
0 |
7 |
|a názory a postoje
|7 ph137634
|2 czenas
|
| 650 |
0 |
7 |
|a poezie
|7 ph117253
|2 czenas
|
| 650 |
0 |
9 |
|a American poets
|y 19th-20th centuries
|2 eczenas
|
| 650 |
0 |
9 |
|a views and attitudes
|2 eczenas
|
| 650 |
0 |
9 |
|a poetry
|2 eczenas
|
| 655 |
|
7 |
|a aforismy
|7 fd131784
|2 czenas
|
| 655 |
|
9 |
|a aphorisms
|2 eczenas
|
| 765 |
0 |
|
|t Opus posthumous
|9 Česky
|
| 830 |
|
0 |
|a EAP
|0 s
|
| 910 |
2 |
|
|a BOA001
|b 2-1197.290
|
| 990 |
|
|
|a BK
|
| 995 |
|
|
|a 01
|
| 991 |
|
|
|b 200801
|
| 996 |
6 |
|
|b 2610329858
|c 2-1197.290
|l MZK
|r Sklad / do 1 hodiny
|n 1
|p p.v.
|w 000880428
|u 000010
|a 1
|e BOA001
|j MZK50
|s P
|